| 000 | 00837cam a22002531 4500 | ||
|---|---|---|---|
| 999 |
_c44777 _d44777 |
||
| 001 | 278235 | ||
| 003 | ARRUPE | ||
| 005 | 20190725102631.0 | ||
| 008 | 800207s1962 nju 000 0 eng | ||
| 010 | _a 62009318 | ||
| 040 |
_aDLC _cDLC _dDLC |
||
| 043 | _ae-fr--- | ||
| 050 | 0 | 0 |
_aHM22.F79 _bT57 1962 |
| 100 | 1 |
_aTiryakian, Edward A. _947622 |
|
| 245 | 1 | 0 | _aSociologism and existentialism, two perspectives on the individual and society. |
| 260 |
_aEnglewood Cliffs, N.J., _bPrentice-Hall _c[1962] |
||
| 300 |
_a176 p. _c21 cm. |
||
| 490 | 0 |
_aA Spectrum book, _vS-33 |
|
| 600 | 1 | 0 |
_aDurkheim, Emile, _d1858-1917. _936672 |
| 650 | 0 |
_aSociology _zFrance _xHistory. _911443 |
|
| 650 | 0 |
_aExistentialism. _91759 |
|
| 906 |
_a7 _bcbc _corignew _d1 _eocip _f19 _gy-gencatlg |
||
| 942 |
_2lcc _cMONOGRAPH |
||